000 00471nam a2200133Ia 4500
008 220216s9999 xx 000 0 und d
100 _aSabura Begum P M
245 0 _aPreparation of nano zinc oxide, its characterisation and use in natural rubber
260 _bProceedings of the Asia Rub Tech Expo, 23-25 November 2006, Indian Rubber Institute, Kochi. pp.131-132.
650 _aNano zinc oxide
700 _aJoseph Rani
700 _aMuhammed Yusuff K K
942 _cJS
999 _c65607
_d65607